| 000 | 00802nam a2200277Ia 4500 | ||
|---|---|---|---|
| 003 | OSt | ||
| 005 | 20220918163315.0 | ||
| 006 | a|||||r|||| 00| 0 | ||
| 007 | ta | ||
| 008 | 220917b |||||||| |||| 00| 0 eng d | ||
| 020 | _a0 521 55149 8 | ||
| 024 | _a28,872 | ||
| 037 | _cTextual | ||
| 040 |
_aARTS _cARTS _beng |
||
| 041 |
_2eng _aeng |
||
| 082 | _aO111,3M16(S), N6 | ||
| 100 |
_aShuttleworth Sally _912601 |
||
| 245 | 0 | _aCharlotte Bronte and victorian psychology | |
| 260 |
_aCambridge _bCUP UK _c1996 |
||
| 300 |
_axiii,289p. _ccm. |
||
| 490 | _aCambridge studies in nineteenth century literature and culture | ||
| 500 | _aIncludes index | ||
| 650 | _aENGLISH LITERATURE | ||
| 942 |
_hO111,3M16(S), N6 _cTEXL _2CC |
||
| 999 |
_c119030 _d119030 |
||